• 首页
  • 本馆介绍
  • 公告通知
  • 最新文献
  • 馆藏检索
  • 电子资源
  • 读者导购
  • 参考咨询
  • 我的图书馆
  • 登录
  • 详细信息显示
  • 放入我的书架
  • 预约/预借图书
  • 作者相关作品
  • 分类相关作品
  • 丛书相关作品
  • 出版社相关作品

书目信息

  • 表格格式
  • 工作单格式
  • 卡片格式
题名:
马克·吐温自传
    
 
作者: 马克·吐温 著 ;姜贵梅 , 楚春礼 译
分册:  
出版信息: 北京   中国书籍出版社  2017
页数: 468页
开本: 20cm
丛书名:
单 册:
中图分类: K837.125.6
科图分类:
主题词: 作家--zuo jia--自传--美国--现代
电子资源:
ISBN: 978-7-5068-6344-5
000 01628nam0 2200289 450
001 2158036493
005 20211011172911.0
010    @a978-7-5068-6344-5@dCNY39.00
100    @a20180131d2017 em y0chiy50 ea
101 1  @achi@ceng
102    @aCN@b110000
105    @ay z 000ya
106    @ar
200 1  @a马克·吐温自传@Ama ke tu wen zi chuan@f马克·吐温著@dMy autobiography by Mark Twain@fMark Twain@g姜贵梅, 楚春礼译@zeng
210    @a北京@c中国书籍出版社@d2017
215    @a468页@d20cm
314    @a马克·吐温,美国的幽默大师、小说家、作家,也是著名演说家,19世纪后期美国现实主义文学的杰出代表及美国批判现实主义文学的奠基人
330    @a《马克·吐温自传》是马克·吐温晚年重要的著作,也是美国文学中的经典。它给我们带来了当时美国的风情和气息,马克·吐温式幽默的智慧,还有淡淡的怀念之情……在这部回忆录中没有选取生活中值得炫耀的片段,而只涉及到一般人生活中都会遇上的寻常经历。在这里,人们可以看到他们所熟悉的生活。马克·吐温的回忆录是美国文学中的经典,可与本杰明·富兰克林及亨利·亚当斯的自传相提并论。马克·吐温也是19世纪的文学巨擘之一,即便到了今天,能与之相提并论的人也鲜有出现。这卷书给我们带来了当时美国的风情和气息,那时的美国年轻、乐观、朴实、土气,但骨子里透着高贵。
500 10 @aMy autobiography by Mark Twain@mChinese
600  0 @a马克·吐温@Ama ke tu wen@g(Twain, Mark),@f1835-1910@x自传
606 0  @a作家@Azuo jia@x自传@y美国@z现代
690    @aK837.125.6@v5
701  0 @c(美)@a马克·吐温@Ama ke tu wen@c(Twain, Mark),@f1835-1910@4著
702  0 @a姜贵梅@Ajiang gui mei@4译
702  0 @a楚春礼@Achu chun li@4译
801  0 @aCN@b百万庄@c20211007
905    @b1307013-16@dK837.125.6@e1181@f4
    
    马克·吐温自传/马克·吐温著=My autobiography by Mark Twain/Mark Twain/姜贵梅, 楚春礼译.-北京:中国书籍出版社,2017
    468页;20cm
    
    
    ISBN 978-7-5068-6344-5:CNY39.00
    《马克·吐温自传》是马克·吐温晚年重要的著作,也是美国文学中的经典。它给我们带来了当时美国的风情和气息,马克·吐温式幽默的智慧,还有淡淡的怀念之情……在这部回忆录中没有选取生活中值得炫耀的片段,而只涉及到一般人生活中都会遇上的寻常经历。在这里,人们可以看到他们所熟悉的生活。马克·吐温的回忆录是美国文学中的经典,可与本杰明·富兰克林及亨利·亚当斯的自传相提并论。马克·吐温也是19世纪的文学巨擘之一,即便到了今天,能与之相提并论的人也鲜有出现。这卷书给我们带来了当时美国的风情和气息,那时的美国年轻、乐观、朴实、土气,但骨子里透着高贵。
●
相关链接 在E读中查询图书 在五车中查询图书 在当当中查询图书 在豆瓣中查询图书


正题名:马克·吐温自传     索取号:K837.125.6/1181         预约/预借

序号 登录号 条形码 馆藏地/架位号 状态 备注
1 1307013   213070139   第二样本阅览室/ [索取号:K837.125.6/1181] 在馆    
2 1307014   213070148   第二借阅区/ [索取号:K837.125.6/1181] 在馆    
3 1307015   213070157   第二借阅区/ [索取号:K837.125.6/1181] 在馆    
4 1307016   213070166   第二借阅区/ [索取号:K837.125.6/1181] 在馆    
唐山师范学院图书馆 欢迎您!
大连网信软件有限公司© 版权所有